书目信息 |
| 题名: |
且介亭杂文末编
|
|
| 作者: | 著讯 著 | |
| 分册: | ||
| 出版信息: | 北京 人民文学出版社 1995.05 |
|
| 页数: | 172页 | |
| 开本: | 32开 | |
| 丛书名: | ||
| 单 册: | ||
| 中图分类: | I210.4 | |
| 科图分类: | ||
| 主题词: | 文学--作品集--中国 | |
| 电子资源: | ||
| ISBN: | 7-02-001603-0 | |
| 000 | 00542nam0 2200193 45 | |
| 001 | 0006161543 | |
| 005 | 20001022094355.9 | |
| 010 | @a7-02-001603-0@d5.60元 | |
| 100 | @a20000616d1995 km y0chiy0120 ea | |
| 101 | 0 | @achi |
| 105 | @a z 000yy | |
| 200 | 1 | @a且介亭杂文末编@AQie Jie Ting Za Wen Mo Bian@f著讯著@FZhu Xun Zhu |
| 210 | @a北京@c人民文学出版社@d1995.05 | |
| 215 | @a172页@d32开 | |
| 606 | 0 | @a文学@x作品集@x中国 |
| 690 | @aI210.4@v3 | |
| 701 | 0 | @a著讯@4著 |
| 801 | @aCN@bPftUser@c20000616 | |
| 905 | @dI210.4@eL876@b181589-593@f5 | |
| 且介亭杂文末编/著讯著.-北京:人民文学出版社,1995.05 |
| 172页;32开 |
| ISBN 7-02-001603-0:5.60元 |
| ● |
| 相关链接 |
|
|
|
正题名:且介亭杂文末编
索取号:I210.4/L876
 
预约/预借
| 序号 | 登录号 | 条形码 | 馆藏地/架位号 | 状态 | 备注 |
| 1 | 181589 | 201815893 | 文学库108/108文学库 12排5列3层/ [索取号:I210.4/L876] | 在馆 | |
| 2 | 181590 | 201815900 | 文学库108/108文学库 12排5列3层/ [索取号:I210.4/L876] | 在馆 | |
| 3 | 181591 | 201815919 | 文学库108/108文学库 12排5列3层/ [索取号:I210.4/L876] | 在馆 | |
| 4 | 181592 | 201815928 | 文学库108/108文学库 12排5列3层/ [索取号:I210.4/L876] | 在馆 | |
| 5 | 181593 | 201815937 | 文学库108/108文学库 12排4列2层/ [索取号:I210.4/L876] | 在馆 |